<?xml version="1.0" encoding="UTF-8"?>
<record
    xmlns:xsi="http://www.w3.org/2001/XMLSchema-instance"
    xsi:schemaLocation="http://www.loc.gov/MARC21/slim http://www.loc.gov/standards/marcxml/schema/MARC21slim.xsd"
    xmlns="http://www.loc.gov/MARC21/slim">

  <leader>01200cam a22002531  4500</leader>
  <controlfield tag="001">ne 67000125 </controlfield>
  <controlfield tag="003">DLC</controlfield>
  <controlfield tag="005">20260227111828.0</controlfield>
  <controlfield tag="008">811002s1966    le       b    000 0 arar </controlfield>
  <datafield tag="010" ind1=" " ind2=" ">
    <subfield code="a">ne 67000125 </subfield>
  </datafield>
  <datafield tag="035" ind1=" " ind2=" ">
    <subfield code="a">(OCoLC)7809661</subfield>
  </datafield>
  <datafield tag="040" ind1=" " ind2=" ">
    <subfield code="a">DLC</subfield>
    <subfield code="c">TU</subfield>
    <subfield code="d">TU</subfield>
    <subfield code="d">DLC</subfield>
  </datafield>
  <datafield tag="050" ind1="0" ind2="0">
    <subfield code="a">PJ6101</subfield>
    <subfield code="b">.A6 1966</subfield>
  </datafield>
  <datafield tag="100" ind1="0" ind2=" ">
    <subfield code="a">Ab&#x16B; al-&#x2BB;Al&#x101;&#x2BC; al-Ma&#x2BB;arr&#x12B;,</subfield>
    <subfield code="d">973-1057.</subfield>
  </datafield>
  <datafield tag="245" ind1="1" ind2="0">
    <subfield code="a">Ris&#x101;lat al-Mal&#x101;&#x2BC;ikah</subfield>
    <subfield code="c">Iml&#x101;&#x2BC; Ab&#x12B; al-&#x2BB;Al&#x101;&#x2BC; al-Ma&#x2BC;arr&#x12B; A&#x1E25;mad ibn Abd All&#x101;h ibn sulaym&#x101;n al-Tan&#x16B;kh&#x12B; al-Ma&#x2BB;arr&#x12B;. wa-Yal&#x12B;h&#x101; Ris&#x101;lat al-han&#x101;&#x2BC;, wa-ras&#x101;&#x2BC;il Ab&#x12B; al-&#x2BB;Al&#x101;, ma&#x2BB; d&#x101;&#x2BC;&#x12B; al-du&#x2BB;&#x101;h wa-ras&#x101;&#x2BB;il &#x2BB;Ukhr&#x101;. ta&#x1E25;q&#x12B;q Lijnah min al-&#x2BB;Ulam&#x101;&#x2BC;.</subfield>
  </datafield>
  <datafield tag="260" ind1=" " ind2=" ">
    <subfield code="a">Bayr&#x16B;t,</subfield>
    <subfield code="b">al-Maktab al-tij&#x101;r&#x12B; Lil-&#x1E6D;aba&#x2BC;ah wa-al-tawz&#x12B;&#x2BC; wa-al-Nashr.</subfield>
    <subfield code="c">[1966?]</subfield>
  </datafield>
  <datafield tag="300" ind1=" " ind2=" ">
    <subfield code="a">20, 203 p.</subfield>
    <subfield code="c">24 cm.</subfield>
  </datafield>
  <datafield tag="490" ind1="0" ind2=" ">
    <subfield code="a">Dhakh&#x101;&#x2BC;ir al-tur&#x101;th al-&#x2BB;Arab&#x12B;.</subfield>
  </datafield>
  <datafield tag="500" ind1=" " ind2=" ">
    <subfield code="a">Cover title: Ris&#x101;lat al mala&#x2BC;ika [by] A.A. al-Ma&#x2BB;arri.</subfield>
  </datafield>
  <datafield tag="500" ind1=" " ind2=" ">
    <subfield code="a">A reprint of al-Jund&#x12B;'s edition of Ris&#x101;lat al-Mal&#x101;&#x2BC;ikah (Damascus, 1944); the other works names on t.p. are not included in this publication.</subfield>
  </datafield>
  <datafield tag="504" ind1=" " ind2=" ">
    <subfield code="a">Bibliography: p. 302-303.</subfield>
  </datafield>
  <datafield tag="650" ind1=" " ind2="0">
    <subfield code="a">Arabic language</subfield>
    <subfield code="x">Grammar.</subfield>
  </datafield>
  <datafield tag="700" ind1="1" ind2=" ">
    <subfield code="a">Jund&#x12B;, Mu&#x1E25;ammad Sal&#x12B;m.</subfield>
  </datafield>
  <datafield tag="999" ind1=" " ind2=" ">
    <subfield code="c">49320</subfield>
    <subfield code="d">49320</subfield>
  </datafield>
</record>
